| 000 | 00653nam a22001695i 4500 | ||
|---|---|---|---|
| 001 | 159272 | ||
| 003 | ES-MaACL | ||
| 005 | 20230906211524.0 | ||
| 008 | 040910s1887 xxk |||| | eng d | ||
| 040 |
_aCAM _bspa _cCAM |
||
| 100 | 1 |
_aMedley, George W. _9129793 |
|
| 245 | 1 | 0 |
_aFair trade unmasked or Notes on the Minority Report of the Royal Commission on the depression of trade and industri / _cby George W. Medley. |
| 260 |
_aLondon [etc.], _cCassell & company _c[s.a.] |
||
| 300 |
_a95 p. ; _c18 cm. |
||
| 596 | _aPrefacio fechado en 1887. | ||
| 852 |
_aES-MaACL _jT-1302-F _z-- Enc. hol. conservando la cub. original _z-- Enc. en un vol. facticio |
||
| 999 |
_c159272 _d159272 |
||